<?xml version="1.0" encoding="UTF-8"?>
<record
    xmlns:xsi="http://www.w3.org/2001/XMLSchema-instance"
    xsi:schemaLocation="http://www.loc.gov/MARC21/slim http://www.loc.gov/standards/marcxml/schema/MARC21slim.xsd"
    xmlns="http://www.loc.gov/MARC21/slim">

  <leader>00645nam a22001577a 4500</leader>
  <controlfield tag="003">OSt</controlfield>
  <controlfield tag="005">20151028162232.0</controlfield>
  <controlfield tag="008">151028b        xxu||||| |||| 00| 0 eng d</controlfield>
  <datafield tag="040" ind1=" " ind2=" ">
    <subfield code="c">RUA </subfield>
  </datafield>
  <datafield tag="082" ind1=" " ind2=" ">
    <subfield code="a">AGR SOE 2004 B033 Or.1</subfield>
  </datafield>
  <datafield tag="100" ind1=" " ind2=" ">
    <subfield code="9">3049</subfield>
    <subfield code="a">SOEU TEVY</subfield>
  </datafield>
  <datafield tag="245" ind1=" " ind2=" ">
    <subfield code="a">Study on adaptability of tomato varieties for heat tolerance in dry season, (&#x1780;&#x17B6;&#x179A;&#x179F;&#x17B7;&#x1780;&#x17D2;&#x179F;&#x17B6;&#x1796;&#x17B8;&#x1797;&#x17B6;&#x1796;&#x1794;&#x1793;&#x17D2;&#x179F;&#x17B6;&#x17C6;&#x179A;&#x1794;&#x179F;&#x17CB;&#x1796;&#x17BC;&#x1787;&#x178A;&#x17C6;&#x178E;&#x17B6;&#x17C6;&#x1794;&#x17C9;&#x17C1;&#x1784;&#x1794;&#x17C9;&#x17C4;&#x17C7; &#x178A;&#x17C2;&#x179B;&#x1792;&#x1793;&#x17CB;&#x1793;&#x17B7;&#x1784;&#x200B;&#x1780;&#x17C6;&#x178A;&#x17C5;&#x1780;&#x17D2;&#x1793;&#x17BB;&#x1784;&#x179A;&#x178A;&#x17BC;&#x179C;&#x1794;&#x17D2;&#x179A;&#x17C6;&#x17B6;&#x1784;)</subfield>
  </datafield>
  <datafield tag="260" ind1=" " ind2=" ">
    <subfield code="a">Phnom Penh </subfield>
    <subfield code="b">RUA </subfield>
    <subfield code="c">2004</subfield>
  </datafield>
  <datafield tag="300" ind1=" " ind2=" ">
    <subfield code="a">46p.</subfield>
    <subfield code="b">ill.</subfield>
    <subfield code="c">29cm.</subfield>
  </datafield>
  <datafield tag="942" ind1=" " ind2=" ">
    <subfield code="2">ddc</subfield>
    <subfield code="c">AGR</subfield>
  </datafield>
  <datafield tag="999" ind1=" " ind2=" ">
    <subfield code="c">2843</subfield>
    <subfield code="d">2843</subfield>
  </datafield>
  <datafield tag="952" ind1=" " ind2=" ">
    <subfield code="0">0</subfield>
    <subfield code="1">0</subfield>
    <subfield code="2">ddc</subfield>
    <subfield code="4">0</subfield>
    <subfield code="6">AGR_SOE_2004_000000000000000_B033_OR_1</subfield>
    <subfield code="7">0</subfield>
    <subfield code="9">13866</subfield>
    <subfield code="a">LBB</subfield>
    <subfield code="b">LBB</subfield>
    <subfield code="c">B033</subfield>
    <subfield code="d">2015-10-28</subfield>
    <subfield code="l">2</subfield>
    <subfield code="o">AGR SOE 2004 B033 Or.1</subfield>
    <subfield code="p">RUA012230</subfield>
    <subfield code="r">2023-06-07</subfield>
    <subfield code="s">2023-05-24</subfield>
    <subfield code="w">2015-10-28</subfield>
    <subfield code="y">AGR</subfield>
  </datafield>
  <datafield tag="952" ind1=" " ind2=" ">
    <subfield code="0">0</subfield>
    <subfield code="1">0</subfield>
    <subfield code="2">ddc</subfield>
    <subfield code="4">0</subfield>
    <subfield code="6">AGR_SOE_2004_000000000000000_B033_OR_2</subfield>
    <subfield code="7">0</subfield>
    <subfield code="9">13911</subfield>
    <subfield code="a">LBB</subfield>
    <subfield code="b">LBB</subfield>
    <subfield code="c">B033</subfield>
    <subfield code="d">2015-10-30</subfield>
    <subfield code="l">1</subfield>
    <subfield code="o">AGR SOE 2004 B033 Or.2</subfield>
    <subfield code="p">RUA001672</subfield>
    <subfield code="r">2018-12-19</subfield>
    <subfield code="s">2018-11-14</subfield>
    <subfield code="w">2015-10-30</subfield>
    <subfield code="y">AGR</subfield>
  </datafield>
  <datafield tag="952" ind1=" " ind2=" ">
    <subfield code="0">0</subfield>
    <subfield code="1">0</subfield>
    <subfield code="2">ddc</subfield>
    <subfield code="4">0</subfield>
    <subfield code="6">AGR_SOE_2004_000000000000000_B033_OR_3</subfield>
    <subfield code="7">0</subfield>
    <subfield code="9">13912</subfield>
    <subfield code="a">LBB</subfield>
    <subfield code="b">LBB</subfield>
    <subfield code="c">B033</subfield>
    <subfield code="d">2015-10-30</subfield>
    <subfield code="o">AGR SOE 2004 B033 Or.3</subfield>
    <subfield code="p">RUA012253</subfield>
    <subfield code="r">2015-10-30</subfield>
    <subfield code="w">2015-10-30</subfield>
    <subfield code="y">AGR</subfield>
  </datafield>
  <datafield tag="952" ind1=" " ind2=" ">
    <subfield code="0">0</subfield>
    <subfield code="1">0</subfield>
    <subfield code="2">ddc</subfield>
    <subfield code="4">0</subfield>
    <subfield code="6">AGR_SOE_2004_000000000000000_B033_OR_4</subfield>
    <subfield code="7">0</subfield>
    <subfield code="9">15010</subfield>
    <subfield code="a">LBB</subfield>
    <subfield code="b">LBB</subfield>
    <subfield code="d">2015-11-06</subfield>
    <subfield code="l">4</subfield>
    <subfield code="o">AGR SOE 2004 B033 Or.4</subfield>
    <subfield code="p">RUA035203</subfield>
    <subfield code="r">2024-06-25</subfield>
    <subfield code="s">2024-06-05</subfield>
    <subfield code="w">2015-11-06</subfield>
    <subfield code="y">AGR</subfield>
  </datafield>
</record>
